Statistiques concernant L'Académie française en dix questions

Cliquez ici pour prendre le quiz!

Statistiques générales

  • Ce quiz a été pris 43 fois
  • Le résultat moyen est 5 sur 10

Statistiques - réponses

HintRéponse% Correct
Couleur de l'habit d'académicienVert
90%
Ouvrage dont la rédaction est
une des missions de l'Académie
Le dictionnaire
85%
Fondateur de l'Académie françaiseCardinal de Richelieu
79%
Surnom donné aux académiciensLes immortels
69%
Première femme élue à l'AcadémieMarguerite Yourcenar
59%
Nombre de membres de l'Académie40
56%
Premier africain et noir élu à l'AcadémieLéopold Sédar Senghor
49%
Célèbre quai qui accueille le siège de l'AcadémieLe quai de Conti
26%
Actuelle secrétaire perpétuelle de l'AcadémieHélène Carrère d'Encausse
15%
Premier étranger élu à l'AcadémieJulien Green
5%

Distribution des résultats

Percentile par nombre de réponses

% des personnes avec chaque résultat

Votre développement - résultats

Vous n’avez pas pris ce quiz